[Event "Maresme op 16th"]
[Site "Maresme"]
[Date "2019.11.16"]
[Round "6"]
[White "Gracia Vila, Frederic"]
[Black "Castells Briones, Miquel"]
[Result "0-1"]
[WhiteElo "1616"]
[BlackElo "1935"]
[PlyCount "63"]
[EventDate "2019.09.29"]
[EventType "swiss"]
[EventRounds "8"]
[EventCountry "ESP"]
[SourceTitle "CBM 193 Extra"]
[Source "ChessBase"]
[SourceDate "2020.01.31"]
[SourceVersion "1"]
[SourceVersionDate "2020.01.31"]
[SourceQuality "1"]

1. d4 Nf6 2. Nf3 e6 3. e3 c5 4. c3 d5 5. Bd3 Nc6 6. Nbd2 Bd6 7. dxc5 Bxc5 8. Qc2 Qc7 9. 0-0 a6 10. e4 dxe4 11. Nxe4 Nxe4 12. Bxe4 f5 13. Bd3 0-0 14. Re1 Bd6 15. Bc4 Nd8 16. Qe2 Kh8 17. h3 Bd7 18. Be3 Rc8 19. Bb3 Nc6 20. Rad1 Be7 21. Bb6 Qxb6 22. Rxd7 Bf6 23. Qxe6 h6 24. Qd6 Rfe8 25. Rxe8+ Rxe8 26. Qd5 Nd8 27. Qxf5 Re2 28. Nh4 Ne6 29. Bxe6 Rxe6 30. Nf3 Re2 31. Nd4 Re5 32. Qg4 0-1

[Event "Maresme op 16th"]
[Site "Maresme"]
[Date "2019.10.05"]
[Round "2"]
[White "Pacheco Jimenez, Jose Ramon"]
[Black "Castells Briones, Miquel"]
[Result "0-1"]
[WhiteElo "1666"]
[BlackElo "1935"]
[PlyCount "68"]
[EventDate "2019.09.29"]
[EventType "swiss"]
[EventRounds "8"]
[EventCountry "ESP"]
[SourceTitle "CBM 193 Extra"]
[Source "ChessBase"]
[SourceDate "2020.01.31"]
[SourceVersion "1"]
[SourceVersionDate "2020.01.31"]
[SourceQuality "1"]

1. d4 Nf6 2. Nf3 e6 3. Bf4 c5 4. c3 d5 5. h3 Nc6 6. e3 Bd6 7. Bxd6 Qxd6 8. Nbd2 0-0 9. Be2 b6 10. a3 Bb7 11. 0-0 Rac8 12. Rc1 h6 13. b4 cxd4 14. cxd4 a6 15. Qb3 Rc7 16. Rc2 Rfc8 17. Rfc1 g5 18. Nh2 h5 19. b5 axb5 20. Qxb5 Nxd4 21. exd4 Rxc2 22. Rxc2 Rxc2 23. Ndf3 Qc6 24. Qb4 Rxe2 25. Qe7 Kg7 26. Ne5 Rxe5 27. dxe5 Ne4 28. Nf3 Qc1+ 29. Kh2 Qf4+ 30. Kg1 Ba6 31. Qb4 Qc1+ 32. Kh2 Qc5 33. Qe1 g4 34. hxg4 hxg4 0-1

[Event "Martorell op 36th"]
[Site "Martorell"]
[Date "2018.11.10"]
[Round "8"]
[White "Oladiran Sharaibi, Olufemi"]
[Black "Castells Briones, Miquel"]
[Result "1-0"]
[WhiteElo "2009"]
[BlackElo "2022"]
[PlyCount "57"]
[EventDate "2018.09.15"]
[EventType "swiss"]
[EventRounds "9"]
[EventCountry "ESP"]
[SourceTitle "CBM 189 Extra"]
[Source "ChessBase"]
[SourceDate "2019.06.03"]
[SourceVersion "1"]
[SourceVersionDate "2019.06.03"]
[SourceQuality "1"]

1. Nf3 d5 2. d4 Nf6 3. e3 e6 4. Bd3 c5 5. b3 Nc6 6. 0-0 Bd6 7. Bb2 0-0 8. Nbd2 b6 9. a3 Bb7 10. Ne5 Rc8 11. f4 Ne7 12. Rc1 Ne4 13. c4 Nf5 14. Qe2 f6 15. Ng4 Bb8 16. Bb1 Qd6 17. Rcd1 Nxd2 18. Rxd2 Qc6 19. cxd5 Qe8 20. dxc5 Rxc5 21. b4 Rc8 22. e4 Nd6 23. e5 Nc4 24. exf6 Nxb2 25. dxe6 gxf6 26. Rd7 Rc7 27. Rxc7 Bxc7 28. e7 Na4 29. Qc4+ 1-0

[Event "Miquel Mas op-A 18th"]
[Site "Castell de Sant Ferran"]
[Date "2017.08.13"]
[Round "5"]
[White "Pinsach Gelabert, Alexandre"]
[Black "Castells Briones, Miquel"]
[Result "1/2-1/2"]
[WhiteElo "2105"]
[BlackElo "2011"]
[PlyCount "107"]
[EventDate "2017.08.10"]
[EventType "swiss"]
[EventRounds "9"]
[EventCountry "ESP"]
[SourceTitle "CBM 180 Extra"]
[Source "ChessBase"]
[SourceDate "2017.10.06"]
[SourceVersion "1"]
[SourceVersionDate "2017.10.06"]
[SourceQuality "1"]

1. e4 c5 2. Nf3 Nc6 3. d4 cxd4 4. Nxd4 Nf6 5. Nc3 e5 6. Nde2 Bc5 7. Ng3 d6 8. Be2 Nd4 9. 0-0 a6 10. Bg5 h6 11. Bxf6 Qxf6 12. Nd5 Qd8 13. Bg4 0-0 14. c3 Nc6 15. Bxc8 Rxc8 16. Nf5 Kh8 17. Qg4 Qg5 18. Qxg5 hxg5 19. b4 g6 20. bxc5 gxf5 21. cxd6 Rcd8 22. exf5 Rxd6 23. Rfd1 Rfd8 24. Ne3 Rd2 25. Kf1 R8d3 26. Ke1 Rxd1+ 27. Nxd1 e4 28. Rb1 b5 29. Ke2 Ne5 30. Rb4 Nc4 31. a4 Nd6 32. axb5 axb5 33. f3 Nc4 34. fxe4 Rd2+ 35. Ke1 Rxg2 36. Rxb5 Rxh2 37. Nf2 Rg2 38. e5 Kg7 39. Rc5 Nd2 40. f6+ Kg6 41. Kxd2 Rxf2+ 42. Ke3 Rf5 43. Ke4 Rf4+ 44. Kd5 g4 45. Rc8 Kf5 46. Rg8 Rf3 47. Kd4 g3 48. c4 Rf4+ 49. Ke3 Rxc4 50. Rxg3 Kxe5 51. Rf3 Rc3+ 52. Kf2 Rxf3+ 53. Kxf3 Kxf6 54. Kf4 1/2-1/2

[Event "Miquel Mas op-A 18th"]
[Site "Castell de Sant Ferran"]
[Date "2017.08.10"]
[Round "1"]
[White "Alonso Bouza, Julio Javier"]
[Black "Castells Briones, Miquel"]
[Result "1-0"]
[WhiteElo "2377"]
[BlackElo "2011"]
[PlyCount "101"]
[EventDate "2017.08.10"]
[EventType "swiss"]
[EventRounds "9"]
[EventCountry "ESP"]
[SourceTitle "CBM 180 Extra"]
[Source "ChessBase"]
[SourceDate "2017.10.06"]
[SourceVersion "1"]
[SourceVersionDate "2017.10.06"]
[SourceQuality "1"]

1. e4 c5 2. Nf3 Nc6 3. d4 cxd4 4. Nxd4 Nf6 5. Nc3 e5 6. Ndb5 d6 7. Bg5 a6 8. Na3 b5 9. Nd5 Be7 10. Bxf6 Bxf6 11. c4 b4 12. Nc2 Rb8 13. Qd3 Bg5 14. g3 a5 15. h4 Bh6 16. Bh3 Be6 17. Kf1 Qd7 18. Kg2 0-0 19. Rad1 Kh8 20. b3 Rbd8 21. f3 Nb8 22. a3 Na6 23. axb4 axb4 24. Ndxb4 Nc5 25. Qc3 Qb7 26. Na3 g6 27. Nb5 f5 28. exf5 gxf5 29. Nxd6 Qg7 30. Kh2 f4 31. g4 Qf6 32. g5 Bxg5 33. hxg5 Qxg5 34. Rhg1 Qh5 35. Nf5 Rd4 36. Rxd4 Bxf5 37. Rg4 Bxg4 38. fxg4 Qh4 39. Rd2 Qe1 40. Nc6 Nxb3 41. Rc2 Nd4 42. Nxd4 Qxc3 43. Rxc3 exd4 44. Rd3 Rd8 45. Bg2 Kg7 46. Bd5 Kf6 47. Rxd4 Kg5 48. c5 Rf8 49. Bf3 Rb8 50. Rd5+ Kf6 51. Rf5+ 1-0

[Event "Sant Boi Lorente Memorial 8th"]
[Site "Sant Boi de Llobregat"]
[Date "2017.06.18"]
[Round "2.1"]
[White "Munoz Pantoja, Miguel Angel"]
[Black "Castells Briones, Miquel"]
[Result "1-0"]
[WhiteElo "2590"]
[BlackElo "1999"]
[PlyCount "73"]
[EventDate "2017.06.18"]
[EventType "swiss"]
[EventRounds "9"]
[EventCountry "ESP"]
[SourceTitle "EXT 2024"]
[Source "ChessBase"]
[SourceDate "2023.10.10"]
[SourceVersion "1"]
[SourceVersionDate "2023.10.10"]
[SourceQuality "1"]

1. e4 c5 2. g3 Nc6 3. Bg2 g6 4. Ne2 Bg7 5. c3 e5 6. d3 d6 7. Be3 Nf6 8. h3 Qc7 9. 0-0 0-0 10. f4 b6 11. f5 Ba6 12. g4 Rfe8 13. Bg5 Nd7 14. c4 Nd4 15. Nbc3 Bb7 16. h4 a6 17. Ng3 b5 18. Nd5 Bxd5 19. exd5 e4 20. Nxe4 h6 21. Be3 bxc4 22. dxc4 Rab8 23. Rf2 Ne5 24. Rc1 Qd8 25. f6 Bf8 26. g5 h5 27. Bxd4 cxd4 28. Qxd4 Qd7 29. Nd2 Ng4 30. Bh3 Re5 31. c5 dxc5 32. Qxe5 Bd6 33. Qe2 Rb4 34. Nc4 Bg3 35. Rg2 Bxh4 36. Bxg4 hxg4 37. Qxg4 1-0

[Event "Sant Boi IM"]
[Site "Sant Boi de Llobregat"]
[Date "2016.10.29"]
[Round "5.2"]
[White "Bada Navarra, Jordi"]
[Black "Castells Briones, Miquel"]
[Result "1-0"]
[WhiteElo "2110"]
[BlackElo "2042"]
[PlyCount "92"]
[EventDate "2016.10.01"]
[EventType "tourn"]
[EventRounds "9"]
[EventCountry "ESP"]
[SourceTitle "EXT 2024"]
[Source "ChessBase"]
[SourceDate "2023.10.10"]
[SourceVersion "1"]
[SourceVersionDate "2023.10.10"]
[SourceQuality "1"]

1. e4 c5 2. Nc3 g6 3. f4 Nc6 4. Nf3 Bg7 5. Bb5 Nd4 6. 0-0 a6 7. Bd3 d6 8. Nxd4 cxd4 9. Ne2 Qb6 10. Kh1 e6 11. c3 dxc3 12. bxc3 Nf6 13. a4 0-0 14. Qe1 Nd7 15. Bc2 f5 16. Rb1 Qc7 17. exf5 gxf5 18. Ng3 Nf6 19. Bb3 d5 20. Ba3 Re8 21. Qd1 Kh8 22. Nh5 Rg8 23. Nxg7 Rxg7 24. Qe2 Bd7 25. Bb2 Rg6 26. c4 dxc4 27. Bxc4 Bc6 28. Rf2 Re8 29. Bb3 Qd7 30. Re1 Bxa4 31. Bxe6 Qb5 32. d3 Bb3 33. Qd2 Rxe6 34. Re5 Rxe5 35. fxe5 Ng4 36. e6+ Kg8 37. Rf1 Qc5 38. Rc1 Qf8 39. Qc3 Bxe6 40. Qh8+ Kf7 41. Qxh7+ Ke8 42. Qxg6+ Kd7 43. Qh7+ Qf7 44. Qh8 Qg8 45. Qc3 Nf2+ 46. Kg1 Bd5 1-0

[Event "Martorell op 23rd"]
[Site "Martorell"]
[Date "2015.11.07"]
[Round "7"]
[White "Castells Briones, Miquel"]
[Black "Martos Martin, Josep Angel"]
[Result "1-0"]
[WhiteElo "2152"]
[BlackElo "2049"]
[PlyCount "123"]
[EventDate "2015.09.19"]
[EventType "swiss"]
[EventRounds "8"]
[EventCountry "ESP"]
[SourceTitle "EXT 2017"]
[Source "ChessBase"]
[SourceDate "2016.10.25"]
[SourceVersion "1"]
[SourceVersionDate "2016.10.25"]
[SourceQuality "1"]

1. d4 Nf6 2. g3 g6 3. Bg2 Bg7 4. e4 d6 5. Nc3 0-0 6. Nge2 c6 7. a4 e5 8. h3 Nbd7 9. Be3 Re8 10. Qd2 exd4 11. Bxd4 Ne5 12. b3 Qc7 13. Rd1 Rb8 14. Bxa7 Ra8 15. Be3 Bf8 16. f4 Ned7 17. 0-0 Nc5 18. Bxc5 dxc5 19. e5 Nh5 20. g4 Ng7 21. Ne4 Re7 22. Qc3 Ne8 23. Nxc5 Qb6 24. Kh2 Qc7 25. Ne4 Bd7 26. N2g3 Rd8 27. Rd3 Be6 28. Rfd1 Rxd3 29. Rxd3 Rd7 30. Ng5 h6 31. Nxe6 fxe6 32. Be4 Rg7 33. Qd2 Qb6 34. Rd8 Nc7 35. Rd3 Nd5 36. c4 Bb4 37. Qc1 Qf2+ 38. Bg2 Nxf4 39. Rd8+ Kh7 40. Qf1 Qxf1 41. Bxf1 Rf7 42. Ne4 g5 43. Nf6+ Kg6 44. Ne4 Rg7 45. Kg3 Be1+ 46. Kf3 Ba5 47. Rf8 Bc7 48. h4 Rf7 49. Rxf7 Kxf7 50. hxg5 Bxe5 51. gxh6 Kg6 52. g5 b6 53. Kg4 Bc7 54. Nf6 Kf7 55. h7 Ng6 56. Bd3 Nh8 57. c5 Bd8 58. Nd7 bxc5 59. Nxc5 Ba5 60. g6+ Kg7 61. Nxe6+ Kf6 62. g7 1-0

[Event "Barcelona Tardor op 2nd"]
[Site "Barcelona"]
[Date "2014.11.03"]
[Round "5"]
[White "Castells Briones, Miquel"]
[Black "Domenech Vallejos, Josep Lluis"]
[Result "1-0"]
[WhiteElo "2170"]
[BlackElo "2176"]
[PlyCount "87"]
[EventDate "2014.10.06"]
[EventType "swiss"]
[EventRounds "8"]
[EventCountry "ESP"]
[SourceTitle "EXT 2016"]
[Source "ChessBase"]
[SourceDate "2015.10.08"]
[SourceVersion "1"]
[SourceVersionDate "2015.10.08"]
[SourceQuality "1"]

1. d4 Nf6 2. c4 e5 3. dxe5 Ne4 4. a3 d6 5. Nf3 Bf5 6. g3 Nc6 7. Nh4 Be6 8. Bg2 Nc5 9. b4 Nd7 10. exd6 Qf6 11. Ra2 Bxd6 12. Nd2 Qe7 13. Bb2 0-0 14. 0-0 Rae8 15. Nhf3 Nce5 16. Qa1 f6 17. c5 Nxf3+ 18. Nxf3 Bxc5 19. bxc5 Nxc5 20. Bd4 Bxa2 21. Qxa2+ Kh8 22. Rc1 Ne6 23. Be3 b6 24. Nh4 g6 25. Nf3 c5 26. h4 Rd8 27. Rc4 Ng7 28. Bh6 Rfe8 29. Bxg7+ Kxg7 30. e3 Rd1+ 31. Kh2 Red8 32. Qc2 R1d6 33. Rf4 Rd5 34. Bh3 R5d6 35. Qb2 Rf8 36. Ng5 h6 37. Re4 Qd8 38. Ne6+ Rxe6 39. Rxe6 Rf7 40. h5 gxh5 41. Bf5 Qd5 42. Qc2 Rc7 43. Re8 c4 44. Be6 1-0

[Event "Barcelona Tardor op 2nd"]
[Site "Barcelona"]
[Date "2014.10.27"]
[Round "4"]
[White "Castells Briones, Miquel"]
[Black "Canellas Magide, Lluis"]
[Result "1/2-1/2"]
[WhiteElo "2170"]
[BlackElo "2208"]
[PlyCount "136"]
[EventDate "2014.10.06"]
[EventType "swiss"]
[EventRounds "8"]
[EventCountry "ESP"]
[SourceTitle "EXT 2016"]
[Source "ChessBase"]
[SourceDate "2015.10.08"]
[SourceVersion "1"]
[SourceVersionDate "2015.10.08"]
[SourceQuality "1"]

1. d4 f5 2. Nf3 Nf6 3. g3 g6 4. Bg2 Bg7 5. 0-0 0-0 6. b3 d6 7. Bb2 Qe8 8. c4 e5 9. dxe5 Ng4 10. h3 Nh6 11. Qd5+ Nf7 12. Nc3 c6 13. Qd2 dxe5 14. e4 Bh6 15. Qd3 Qe7 16. Rad1 f4 17. Nb1 Na6 18. Ba3 Nb4 19. Qd2 a5 20. g4 Rd8 21. Qc3 Be6 22. Rd2 Rxd2 23. Qxd2 Rd8 24. Qe2 Qd6 25. Nc3 Qd3 26. Bb2 Qxe2 27. Nxe2 Nd3 28. Bc3 b6 29. Rd1 Bg7 30. c5 Nxc5 31. Rxd8+ Nxd8 32. Nxe5 g5 33. Bd4 Nd7 34. Nf3 h6 35. Kf1 c5 36. Bxg7 Kxg7 37. Ke1 Nc6 38. Kd2 Nde5 39. Nc3 Nxf3+ 40. Bxf3 Nd4 41. Bd1 b5 42. Kd3 Kf6 43. Kd2 Ke5 44. f3 c4 45. bxc4 Bxc4 46. a3 b4 47. axb4 axb4 48. Na4 Bb3 49. Nb2 Bxd1 50. Nxd1 Nxf3+ 51. Kd3 Nd4 52. Nf2 b3 53. Kc3 Ne2+ 54. Kxb3 Ng3 55. Kc4 Nxe4 56. Nd3+ Kf6 57. Kd4 Ng3 58. Nf2 Ke6 59. Nd3 Ne2+ 60. Ke4 Ng3+ 61. Kf3 Kd5 62. Nxf4+ gxf4 63. Kxf4 Ne4 64. Kf5 Nf2 65. h4 Nxg4 66. Kxg4 Ke6 67. Kh5 Kf7 68. Kxh6 Kg8 1/2-1/2

[Event "Barbera del Valles op 37th"]
[Site "Barbera del Valles"]
[Date "2014.07.11"]
[Round "8"]
[White "Bernat, Ernest"]
[Black "Castells Briones, Miquel"]
[Result "1-0"]
[WhiteElo "2101"]
[BlackElo "1979"]
[PlyCount "111"]
[EventDate "2014.07.04"]
[EventType "swiss"]
[EventRounds "9"]
[EventCountry "ESP"]
[SourceTitle "CBM 161 Extra"]
[Source "ChessBase"]
[SourceDate "2014.08.29"]
[SourceVersion "1"]
[SourceVersionDate "2014.08.29"]
[SourceQuality "1"]

1. e4 c5 2. Nf3 Nc6 3. d4 cxd4 4. Nxd4 Nf6 5. Nc3 e5 6. Ndb5 d6 7. Bg5 a6 8. Na3 b5 9. Nd5 Be7 10. Bxf6 Bxf6 11. Bd3 Bg5 12. 0-0 Ne7 13. Nxe7 Qxe7 14. c4 bxc4 15. Nxc4 0-0 16. Nb6 Ra7 17. Nd5 Qb7 18. b3 Be6 19. Bc4 Rc8 20. Qd3 Rc6 21. Rfd1 Qc8 22. Qg3 Bh6 23. Qh4 f6 24. Nxf6+ gxf6 25. Bxe6+ Qxe6 26. Qxh6 Rac7 27. Rd3 Rg7 28. Rg3 Rxg3 29. hxg3 Rc2 30. Rc1 Qg4 31. f3 Rxc1+ 32. Qxc1 Qxg3 33. Qc8+ Kg7 34. Qxa6 Qe1+ 35. Qf1 Qe3+ 36. Kh2 Kg6 37. Qd1 Qf2 38. a4 h5 39. a5 h4 40. a6 Kh5 41. f4+ Kh6 42. Qf3 Qb6 43. fxe5 dxe5 44. Kh3 Qxa6 45. Kxh4 Qb6 46. Qh5+ Kg7 47. Qg4+ Kh6 48. Qf5 Qd6 49. g4 Kg7 50. Kh5 Qb6 51. Qg6+ Kf8 52. g5 Qxb3 53. Qxf6+ Qf7+ 54. Qxf7+ Kxf7 55. Kh6 Kg8 56. Kg6 1-0

[Event "Barbera del Valles op 37th"]
[Site "Barbera del Valles"]
[Date "2014.07.10"]
[Round "7"]
[White "Castells Briones, Miquel"]
[Black "Garcia Marin, Guillem"]
[Result "0-1"]
[WhiteElo "1979"]
[BlackElo "2099"]
[PlyCount "76"]
[EventDate "2014.07.04"]
[EventType "swiss"]
[EventRounds "9"]
[EventCountry "ESP"]
[SourceTitle "CBM 161 Extra"]
[Source "ChessBase"]
[SourceDate "2014.08.29"]
[SourceVersion "1"]
[SourceVersionDate "2014.08.29"]
[SourceQuality "1"]

1. d4 Nf6 2. c4 g6 3. g3 Bg7 4. Bg2 d5 5. cxd5 Nxd5 6. Nf3 Nb6 7. Nc3 Nc6 8. e3 0-0 9. 0-0 Re8 10. Re1 a5 11. Qe2 e5 12. Nxe5 Nxe5 13. dxe5 Bxe5 14. e4 Be6 15. f4 Bg7 16. e5 Rb8 17. Rd1 Qe7 18. Be3 f6 19. exf6 Bxf6 20. Ne4 Nd7 21. Rac1 c6 22. Nd6 Red8 23. b3 Bg7 24. Rd2 Bg4 25. Qd3 Bf8 26. Ne4 Nf6 27. Nxf6+ Qxf6 28. Bd4 Qf7 29. Qe3 Re8 30. Be5 Rbd8 31. Rxd8 Rxd8 32. Qb6 Rd2 33. Qxa5 Qd7 34. Re1 b6 35. Qc3 Bc5+ 36. Kh1 Rxg2 37. Bh8 Rg1+ 38. Rxg1 Qd5+ 0-1

[Event "Barbera del Valles op 37th"]
[Site "Barbera del Valles"]
[Date "2014.07.07"]
[Round "4"]
[White "Castells Briones, Miquel"]
[Black "Castillo Escario, Yolanda"]
[Result "1-0"]
[WhiteElo "1979"]
[BlackElo "2029"]
[PlyCount "157"]
[EventDate "2014.07.04"]
[EventType "swiss"]
[EventRounds "9"]
[EventCountry "ESP"]
[SourceTitle "CBM 161 Extra"]
[Source "ChessBase"]
[SourceDate "2014.08.29"]
[SourceVersion "1"]
[SourceVersionDate "2014.08.29"]
[SourceQuality "1"]

1. d4 d5 2. c4 c6 3. Nf3 Nf6 4. e3 e6 5. Bd3 Nbd7 6. 0-0 Bd6 7. Nbd2 0-0 8. e4 dxe4 9. Nxe4 Nxe4 10. Bxe4 f5 11. Bc2 e5 12. Ng5 Nf6 13. dxe5 Bxe5 14. Qf3 h6 15. Nh3 Ng4 16. g3 g5 17. Qb3 Qe7 18. Bd2 Be6 19. Bb4 Qf7 20. Bxf8 Rxf8 21. Rfe1 Kg7 22. Qa4 Bxb2 23. Rab1 Bd4 24. c5 Bxc5 25. Qa5 Bb6 26. Qc3+ Nf6 27. a4 Kg8 28. Qe5 Bd5 29. Qxf5 Ng4 30. Qxf7+ Rxf7 31. Re2 Bc4 32. Rd2 Ne5 33. Be4 Be6 34. Kg2 Nc4 35. Re2 Bg4 36. Ra2 Be6 37. Re2 Bg4 38. Ra2 Be6 39. Rba1 Bd4 40. Rd1 Bb6 41. Rc2 Bg4 42. Rd3 Be6 43. Ng1 Ne5 44. Rd6 Bb3 45. Rb2 Bxa4 46. Rxh6 Bb5 47. h3 Bd4 48. Rd2 c5 49. Bd5 Kg7 50. Rh5 Rd7 51. Be4 Kf6 52. Rh6+ Kg7 53. Rh7+ Kf6 54. Rxd7 Bxd7 55. Bxb7 a5 56. Ne2 Bc6+ 57. Bxc6 Nxc6 58. Nxd4 Nxd4 59. Ra2 Nb3 60. Kf3 c4 61. Ke4 Ke6 62. h4 gxh4 63. gxh4 a4 64. h5 c3 65. f4 Kf6 66. Ke3 Nc5 67. Ra3 c2 68. Rc3 a3 69. Rxc2 Ne6 70. Ra2 Ng7 71. Rxa3 Nxh5 72. Ke4 Ke7 73. Ke5 Nf6 74. Kf5 Ne8 75. Kg6 Nd6 76. f5 Ne8 77. Re3+ Kf8 78. Rxe8+ Kxe8 79. Kg7 1-0

[Event "Barbera del Valles op 37th"]
[Site "Barbera del Valles"]
[Date "2014.07.05"]
[Round "2"]
[White "Castells Briones, Miquel"]
[Black "Anguera Maestro, Jaime"]
[Result "1/2-1/2"]
[WhiteElo "1979"]
[BlackElo "2179"]
[PlyCount "70"]
[EventDate "2014.07.04"]
[EventType "swiss"]
[EventRounds "9"]
[EventCountry "ESP"]
[SourceTitle "CBM 161 Extra"]
[Source "ChessBase"]
[SourceDate "2014.08.29"]
[SourceVersion "1"]
[SourceVersionDate "2014.08.29"]
[SourceQuality "1"]

1. d4 d5 2. c4 c6 3. Nf3 Nf6 4. e3 Bf5 5. Nc3 e6 6. Nh4 Bg4 7. Qb3 Qb6 8. h3 Bh5 9. g4 Qxb3 10. axb3 Bg6 11. Nxg6 hxg6 12. Bg2 Bb4 13. Ke2 Bxc3 14. bxc3 Ne4 15. Bb2 Nd7 16. Rhc1 f5 17. f3 Nd6 18. Ba3 Nc8 19. cxd5 exd5 20. c4 Ncb6 21. g5 Kf7 22. Bd6 Nf8 23. Ra5 Ne6 24. f4 Rhd8 25. Bb4 a6 26. Ra2 Rd7 27. Ba5 Nc8 28. Bf3 Ne7 29. Rac2 Re8 30. Kf2 Nd8 31. h4 Rh8 32. Rh1 Ke6 33. Kg3 Nf7 34. c5 Rh5 35. Bxh5 gxh5 1/2-1/2

[Event "Sabadell op 6th"]
[Site "Sabadell"]
[Date "2013.09.09"]
[Round "8"]
[White "Castells Briones, Miquel"]
[Black "Ridameya Tatche, Jose Miguel"]
[Result "0-1"]
[WhiteElo "1988"]
[BlackElo "2007"]
[PlyCount "72"]
[EventDate "2013.09.02"]
[EventType "swiss"]
[EventRounds "9"]
[EventCountry "ESP"]
[SourceTitle "CBM 156 Extra"]
[Source "ChessBase"]
[SourceDate "2013.10.22"]
[SourceVersion "1"]
[SourceVersionDate "2013.10.22"]
[SourceQuality "1"]

1. d4 Nf6 2. g3 c5 3. d5 d6 4. c4 b5 5. cxb5 a6 6. bxa6 g6 7. Bg2 Bg7 8. Nc3 Nxa6 9. Nf3 Nc7 10. 0-0 0-0 11. h3 Rb8 12. e4 Nd7 13. Kh2 h6 14. Re1 g5 15. Bf1 f6 16. Nd2 f5 17. exf5 Rxf5 18. Nde4 Qf8 19. Bg2 Kh8 20. f4 gxf4 21. gxf4 Rxf4 22. Bxf4 Qxf4+ 23. Ng3 Be5 24. Nce2 Qh4 25. Rb1 Nf6 26. Rf1 Bg4 27. Nf4 Qxg3+ 28. Kxg3 Bxd1 29. Rbxd1 Nh5+ 30. Kg4 Nxf4 31. Rxf4 Rg8+ 32. Kf3 Bxf4 33. Bf1 Be5 34. Ke4 Rf8 35. b3 Rf4+ 36. Ke3 Nxd5+ 0-1

[Event "Sabadell op 6th"]
[Site "Sabadell"]
[Date "2013.09.08"]
[Round "7"]
[White "Tardio Fran, Emilio"]
[Black "Castells Briones, Miquel"]
[Result "0-1"]
[WhiteElo "1853"]
[BlackElo "1988"]
[PlyCount "76"]
[EventDate "2013.09.02"]
[EventType "swiss"]
[EventRounds "9"]
[EventCountry "ESP"]
[SourceTitle "CBM 156 Extra"]
[Source "ChessBase"]
[SourceDate "2013.10.22"]
[SourceVersion "1"]
[SourceVersionDate "2013.10.22"]
[SourceQuality "1"]

1. e4 c5 2. Nf3 e6 3. d4 cxd4 4. Nxd4 Nf6 5. Nc3 Nc6 6. Be2 Bb4 7. Nxc6 bxc6 8. e5 Nd5 9. Bd2 Nxc3 10. bxc3 Bc5 11. Bd3 Qc7 12. Qe2 Be7 13. 0-0 c5 14. f4 Bb7 15. c4 g6 16. Rad1 Qc6 17. Bc3 Rb8 18. Rd2 0-0 19. Rf3 Ba8 20. Rg3 Bh4 21. Rf3 Qa4 22. Rh3 Be7 23. f5 Qc6 24. Qg4 Rb1+ 25. Bf1 exf5 26. Qf4 h5 27. Qh6 Rfb8 28. e6 Rxf1+ 29. Kxf1 Rb1+ 30. Rd1 Qxg2+ 31. Ke1 Qg1+ 32. Ke2 Qxd1+ 33. Ke3 Qg1+ 34. Kd3 Be4+ 35. Ke2 Qg2+ 36. Ke3 Qxh3+ 37. Ke2 Qg2+ 38. Ke3 Qf3+ 0-1

[Event "Sabadell op 6th"]
[Site "Sabadell"]
[Date "2013.09.02"]
[Round "1"]
[White "Vidarte Morales, Arturo"]
[Black "Castells Briones, Miquel"]
[Result "1-0"]
[WhiteElo "2337"]
[BlackElo "1988"]
[PlyCount "77"]
[EventDate "2013.09.02"]
[EventType "swiss"]
[EventRounds "9"]
[EventCountry "ESP"]
[SourceTitle "CBM 156 Extra"]
[Source "ChessBase"]
[SourceDate "2013.10.22"]
[SourceVersion "1"]
[SourceVersionDate "2013.10.22"]
[SourceQuality "1"]

1. c4 e5 2. g3 Nf6 3. Nc3 Bb4 4. Bg2 Nc6 5. Nf3 0-0 6. 0-0 d6 7. d3 h6 8. Bd2 a6 9. a3 Bc5 10. e3 Bg4 11. h3 Bh5 12. Qc2 Bg6 13. b4 Ba7 14. Nh4 Bh7 15. b5 Na5 16. Nd5 c6 17. Nxf6+ gxf6 18. Bxa5 Qxa5 19. bxc6 bxc6 20. Bxc6 f5 21. Qe2 f4 22. Kh1 Qd8 23. Bxa8 Qxa8+ 24. Kh2 Qd8 25. Rab1 Qf6 26. e4 Bc5 27. Nf3 Kh8 28. g4 Qe7 29. Qb2 Qd7 30. Nxe5 dxe5 31. Qxe5+ Kg8 32. Qxc5 Qxd3 33. f3 Bxe4 34. Rbd1 Qe2+ 35. Qf2 Bxf3 36. Rde1 Re8 37. Rxe2 Rxe2 38. Qxe2 Bxe2 39. Rxf4 1-0

[Event "Barbera del Valles op 36th"]
[Site "Barbera del Valles"]
[Date "2013.07.06"]
[Round "3"]
[White "Abhishek, Kelkar"]
[Black "Castells Briones, Miquel"]
[Result "1-0"]
[WhiteElo "2274"]
[BlackElo "1959"]
[PlyCount "39"]
[EventDate "2013.07.04"]
[EventType "swiss"]
[EventRounds "9"]
[EventCountry "ESP"]
[SourceTitle "CBM 155 Extra"]
[Source "ChessBase"]
[SourceDate "2013.08.26"]
[SourceVersion "1"]
[SourceVersionDate "2013.08.26"]
[SourceQuality "1"]

1. e4 c5 2. Nf3 e6 3. d4 cxd4 4. Nxd4 Nf6 5. Nc3 Nc6 6. Nxc6 bxc6 7. e5 Nd5 8. Ne4 Qc7 9. f4 Qb6 10. c4 Bb4+ 11. Ke2 f5 12. Nf2 Ba6 13. Kf3 Ne7 14. Be3 Qb7 15. h4 Rc8 16. Kg3 c5 17. Qa4 Qc6 18. Qxc6 Nxc6 19. a3 Ba5 20. b4 1-0

[Event "Barbera del Valles op 36th"]
[Site "Barbera del Valles"]
[Date "2013.07.05"]
[Round "2"]
[White "Castells Briones, Miquel"]
[Black "Prasca Sosa, Rafael Felipe"]
[Result "0-1"]
[WhiteElo "1959"]
[BlackElo "2426"]
[PlyCount "124"]
[EventDate "2013.07.04"]
[EventType "swiss"]
[EventRounds "9"]
[EventCountry "ESP"]
[SourceTitle "CBM 155 Extra"]
[Source "ChessBase"]
[SourceDate "2013.08.26"]
[SourceVersion "1"]
[SourceVersionDate "2013.08.26"]
[SourceQuality "1"]

1. d4 d5 2. Nf3 c6 3. c4 Nf6 4. Nc3 g6 5. g3 Bg7 6. Bg2 dxc4 7. Ne5 Ng4 8. f4 Nxe5 9. fxe5 0-0 10. 0-0 Na6 11. Be3 Nb4 12. Qd2 Nd5 13. Bh6 f5 14. Rf2 Be6 15. Raf1 Qd7 16. h4 Nc7 17. h5 Bf7 18. Bxg7 Kxg7 19. e4 fxe4 20. Rf4 Nd5 21. Rxe4 Nxc3 22. bxc3 Bd5 23. Ref4 Qe6 24. h6+ Kg8 25. g4 Bxg2 26. Kxg2 b5 27. Qf2 Rxf4 28. Qxf4 a5 29. a3 Rc8 30. Kg3 Rd8 31. Kh4 Qd5 32. Qf2 Ra8 33. Qf4 Rd8 34. Qf2 Re8 35. Qf4 Qe6 36. Qf3 g5+ 37. Kg3 Qg6 38. Kg2 Rd8 39. Rf2 Re8 40. Qf5 Rd8 41. e6 Qxf5 42. gxf5 Rf8 43. Kg3 Rf6 44. Rh2 Rxf5 45. Kg4 Rf6 46. Kxg5 Rxe6 47. Kf5 Kf7 48. Rh3 Rd6 49. Ke5 Rd5+ 50. Ke4 Kg6 51. Kf4 Rh5 52. Re3 Kf7 53. Ke4 Rxh6 54. Rg3 Re6+ 55. Kf5 Rf6+ 56. Ke5 h5 57. d5 c5 58. Rg1 b4 59. axb4 axb4 60. cxb4 cxb4 61. Kd4 Rf4+ 62. Kc5 c3 0-1